Endroits à visiter à Nice - Statistiques

Statistiques générales
  • Ce quiz a été pris 29 fois
  • Le résultat moyen est 3 sur 8
Statistiques - réponses
Endroit % Correct
3 Promenade des anglais
91%
2 Place Massena
78%
5 Vieux Nice
57%
4 Musée Matisse
22%
6 Port Lympia
17%
1 Cathedrale Saint Nicolas
0%
8 Musée d’Art Moderne
0%
7 Musée Marc Chagall
0%
Aucun quiz correspondant
Distribution des résultats
% des personnes avec chaque résultat
Percentile par nombre de réponses
Votre historique - résultats
Vous n’avez pas pris ce quiz